Пух (Запис номер 530053)
[ съкратено ]
| 000 -Лидер | |
|---|---|
| Лидер | 01902njm a2200313 c 4500 |
| 003 - Код на организацията, давaща контролен номер | |
| Код на организацията, даваща контролен номер | BLK |
| 005 - Дата и час на последна редакция | |
| Дата и час на последна редакция | 20250326090840.0 |
| 007 - Фиксирано поле за физическо описани | |
| Физическо описание | sd ammalaaahaa |
| 008 - Елементи от данни с фиксирана дължина | |
| Елементи с фиксирана дължина | 180413b bul||n|| |||||||| n|bulo| |
| 028 ## - PUBLISHER NUMBER | |
| Издателски номер | ВТА 1795 |
| 040 ## - Източник на каталожния запис | |
| Код на библиотеката | BLK |
| 041 ## - Код за език | |
| Език на записа | Български |
| Език за КДБФ | Български |
| 080 ## - УДК | |
| УДК текст | Други видове песни. Естрада, джаз. Стари градски. Рок и попмузика. Чалга (поп фолк) |
| УДК код | 784.7 |
| УДК – определител | (086.72) |
| УДК – код + определител | 784.7(086.72) |
| 245 ## - Сведения за заглавието | |
| Заглавие | Пух |
| Авторска отговорност | Вокално-инструментална група Пух |
| 246 ## - Различни форми на заглавието | |
| Различни форми на заглавието | Pooh viva |
| 260 ## - Област на издателските данни | |
| Място на издаване | София |
| Име на издателя | Балкантон |
| Година на издаване | 1980 |
| 9 (RLIN) | 210374 |
| 300 ## - Физическа характеристика | |
| Брой страници | 1 грамофонна плоча |
| Илюстрации | 33 об/мин, двустранна, стерео |
| Размер | 30 см |
| 380 ## - Жанр | |
| Жанр | Изкуство |
| 500 ## - Общи забележки | |
| Обща забележка | I страна<br/>1. АЗ СЪМ ЖИВ (Факинети, Негрини) 5.18<br/>2. НЕОЧАКВАНА НОЩ (Факинети, Негрини) 3.20<br/>3. ЕДНА НОРМАЛНА ЖЕНА (Баталия, Негрини) 3.26<br/>4. ВСИЧКО СЕГА (Факинети, Негрини) 3.18<br/>5. НА КОНЦЕРТ (Факинети, Негрини) 3.35<br/> |
| 500 ## - Общи забележки | |
| Обща забележка | II страна<br/><br/>1. ДА ОТКРАДНЕМ ЕДИН ОСТРОВ (Факинети, Дорацио) 3.40<br/>2. ТАКАВА ТЕ ИСКАМ (Факинети, Дорацио) 3.56<br/>3. СУЗАНА И КРАЙ (Факинети, Негрини) 2.50<br/>4. ТИ СИ МОЯ (Факинети, Негрини) 4.13<br/>5. ВИВА (Факинети) 3.52<br/><br/>Произведено по лиценз на С G D - Италия |
| 653 ## - Ключова дума – ненормативна | |
| 9 (RLIN) | 497639 |
| Ключови думи | италианска естрада |
| 653 ## - Ключова дума – ненормативна | |
| 9 (RLIN) | 497618 |
| Ключови думи | рокгрупи |
| 852 ## - Местоположение | |
| Сигнатура (форматна) | Ф ІІ 4010 |
| 856 4# - Електронен адрес и достъп | |
| Електронен формат | pdf - файл |
| Път до файла (ресурса) | |
| Инструкция (цена за достъп) | 0.00 |
| Права за достъп | disable |
| 856 4# - Електронен адрес и достъп | |
| Електронен формат | pdf - файл |
| Път до файла (ресурса) | |
| Инструкция (цена за достъп) | 0.00 |
| Права за достъп | disable |
| 942 ## - АРТИКУЛИ | |
| Вид на библиотечния документ | Грамофонни плочи |
| Скрит в OPAC | Не |
| 944 ## - СЪЗДАВАНЕ И РЕДАКЦИЯ на ЗАПИСА | |
| Дата на регистрацията/редакция | Вася Ганчева |
| Служител, извършил регистрацията/редакцията | 30549 |
| Статус, дата на статуса | Вася Ганчева |
| Създаване/Редакция | |
| 944 ## - СЪЗДАВАНЕ И РЕДАКЦИЯ на ЗАПИСА | |
| Създаване/Редакция | Редакция |
| Дата на регистрацията/редакция | 26.01.2004 |
| 999 ## - СИСТЕМНИ КОНТРОЛНИ НОМЕРА | |
| Koha biblionumber | 530053 |
| Koha biblioitemnumber | 530053 |
| Код за отписване | Код за изгубен артикул | Източник на класификационната схема | Код за повреда | Код за отдаване | Артикулен № | Име на библиотеката - собственик | Име на библиотеката, в която се намира в момента | Статус (Текущо местоположение) | Дата на вписване в системата | Местоположение - отдел | Цена в лева | Инвентарен номер | Систематично азбучна сигнатура | Баркод | Цена в евро | Служебен тип на артикула |
|---|---|---|---|---|---|---|---|---|---|---|---|---|---|---|---|---|
| Не е изгубен | Universal Decimal Classification | Не е повреден | ползва се в читалня | 964965 | Регионална библиотека "Любен Каравелов" Русе | Регионална библиотека "Любен Каравелов" Русе | Хранилище | 2025-03-26 | Хранилище | 4.00 | 10301 | Ф ІІ 4010 | 900000116788 | 2.05 | Грамофонни плочи |